01373nam a2200361 u 450000100070000000500170000700700100002400800410003403500110007504000130008604100080009908200080010710000590011524501380017426000430031230000130035565000330036865000230040165000300042465000400045465000350049465000530052965000440058265000390062665000270066570000520069270000530074494200100079799900190080750200120082652600080083895201650084692590820260506155352.0co|||||||050523s2004 spa  a925908 ccomduadb aspa 4a34810aRodríguez Berrío, María Lucely4auteaut940820310aAnálisis jurídico y jurisprudencial de la nueva vinculación laboral con el estado de un pensionado por vejez del sector publico aMedellín :b[sin publicador],c2004. a1 CD ROM aContratacion laboral9105071 aPensionados921899 aPensiones de vejez968713 aSector público - Colombia9115041 aSeguridad social - Chile99397 7aPensionesxLegislaciónzColombia2lemb9137206 aSistema de pensiones - Colombia9137689 aSistema pensional público986755 aLey 100 de 199395811610aTrejo Arteaga, Diana Patricia4auteaut940870910aLopera Vélez, María Isabel4thseths9270841 cTESIS c354257d354257 b133c14 a135 001040708TESDIGBCaBCbBCd2005-05-23eMaterial adquirido por donacióniC865343l0o348.8 R696 CD-ROMp0532292r2023-04-26 00:00:00t1w2023-04-26yDIGITAL